000 00755nam a2200289Ia 4500
005 20260324112351.0
008 008 260324s9999 xx 000 0 eng d
020 _a9781032694832
037 _aEBOOK
040 _aCRL
040 _beng
040 _cCRL
041 _2eng
041 _aeng
084 _qCRL
100 _aMavis Tsai; Amanda Muñoz-Martínez; Matthew D. Skinta; Sarah Sullivan-Singh; Barbara Kohlenberg
_91142401
245 0 _aFunctional Analytic Psychotherapy
245 0 _bDistinctive Features
260 _bTaylor and Francis
260 _c2024
365 _a
365 _b205
856 _uhttp://www.taylorfrancis.com/books/9781032694832
942 _cEBOOK
999 _c1731580
_d1731580